000 02951nam a2200325 a 4500
003 OSt
005 20250708140604.0
007 cr ||||||a|a|a
008 250624s2025 mx a|||fom||| 001 0 spa d
040 _erda
100 1 _aReyes Santiago, Maria Guadalupe
_9190511
245 1 0 _aEspecificidad tisular de diez proteínas de unión a olores (OBPS), en tres estados de maduración de adultos de Ceratitis capitata (Weidemann)/
_cpor Maria Guadalupe Reyes Santiago; director de tesis José Manuel Pineda Rios; secretario Obdulia Lourdes Segura Leon; vocal Brenda Torres Huerta; suplente Oscar Morales Galván; suplente Candelario Santillan Ortega.
264 1 _aChapingo, México :
_bEl autor,
_c2024.
300 _a1 recurso en línea (55 páginas):
_bcuadros, figuras.
336 _2rdacontent
_atexto
_btxt
337 _2rdamedia
_acomputadora
_bc
338 _2rdacarrier
_arecurso en línea
_bcr
502 _bIAEPA
_cParasitología
_d2024.
_gLIC
504 _aIncluye referencias bibliográficas: páginas 42-54.
520 _aLa mosca del mediterráneo de la fruta Ceratitis capitata (Wiedemann), conocida comúnmente como moscamed, es considerada una de las plagas más destructivas del mundo. Es una especie polífaga, capaz de alimentarse de más de 200 especies de plantas y tiene una gran capacidad de adaptarse a una amplia gama de climas. La comunicación en insectos se basa en gran parte en los estímulos olfatorios del ambiente que guían conductas para su reproducción y supervivencia. La quimiorrecepción juega un papel importante en el comportamiento de cortejo y apareamiento de la moscamed, este sistema está mediado por un conjunto de proteínas sensoriales, entre ellas las proteínas receptoras como las de unión a olores (OBPs), proteínas pequeñas, globulares y solubles en agua, presentes en los órganos sensoriales. Pese a la importancia de las OBPs en la detección de semioquímicos y en el comportamiento, existe una falta de consenso en el número y clasificación de las OBPs en la mosca del mediterráneo, así como en su caracterización funcional y perfiles de expresión tisular. Por lo anterior, este trabajo se centró en la caracterización de la expresión génica de diez CcapObps en órganos sensoriales de adultos silvestres machos y hembras de Ceratitis capitata en tres estados fisiológicos.
650 4 _aMosca del mediterraneo
_xGenética
_9188444
650 4 _aMosca del mediterraneo
_xFisiología y morfología
_9190779
700 1 _aPineda Rios, José Manuel
_edirector de tesis.
_988174
700 1 _aSegura Leon, Obdulia Lourdes
_9164745
_esecretario.
700 1 _aTorres Huerta, Brenda
_9190670
_evocal.
700 1 _aMorales Galván, Oscar
_978271
_esuplente.
700 1 _aSantillán Ortega, Candelario
_esuplente.
_9102429
856 _uhttp://10.13.5.2/tesis/tl/1712235-8_REYES_SANTIAGO_MARIAGUADALUPE.pdf
_zDESCARGAR PDF
942 _2Clasificación Universidad Autónoma Chapingo
_cTD
999 _c220683
_d220683